Design of integrated circuits for optical communications / (Record no. 23614)
[ view plain ]
| 000 -LEADER | |
|---|---|
| fixed length control field | 01907cam a22003495a 4500 |
| 001 - CONTROL NUMBER | |
| control field | 17241616 |
| 005 - DATE AND TIME OF LATEST TRANSACTION | |
| control field | 20201128024056.0 |
| 008 - FIXED-LENGTH DATA ELEMENTS--GENERAL INFORMATION | |
| fixed length control field | 120404r20152012ii a fr 001 0 eng d |
| 010 ## - LIBRARY OF CONGRESS CONTROL NUMBER | |
| LC control number | 2012013971 |
| 020 ## - INTERNATIONAL STANDARD BOOK NUMBER | |
| International Standard Book Number | 8126556226 |
| 020 ## - INTERNATIONAL STANDARD BOOK NUMBER | |
| International Standard Book Number | 9788126556229 |
| 040 ## - CATALOGING SOURCE | |
| Original cataloging agency | DLC |
| Language of cataloging | eng |
| Transcribing agency | DLC |
| Modifying agency | DLC |
| -- | EG-ScBUE |
| 042 ## - AUTHENTICATION CODE | |
| Authentication code | pcc |
| 082 04 - DEWEY DECIMAL CLASSIFICATION NUMBER | |
| Edition number | 23 |
| Classification number | 621.3827 |
| Item number | RAZ |
| 100 1# - MAIN ENTRY--PERSONAL NAME | |
| Personal name | Razavi, Behzad. |
| 245 10 - TITLE STATEMENT | |
| Title | Design of integrated circuits for optical communications / |
| Statement of responsibility, etc | Behzad Razavi. |
| 250 ## - EDITION STATEMENT | |
| Edition statement | 2nd ed. |
| 260 ## - PUBLICATION, DISTRIBUTION, ETC. (IMPRINT) | |
| Place of publication, distribution, etc | New Delhi : |
| Name of publisher, distributor, etc | Wiley India Pvt. Ltd. / John Wiley & Sons, Inc., |
| Date of publication, distribution, etc | 2015. |
| 300 ## - PHYSICAL DESCRIPTION | |
| Extent | xvii, 424 p. : |
| Other physical details | ill. ; |
| Dimensions | 26 cm. |
| 500 ## - GENERAL NOTE | |
| General note | Index : p. 417-424. |
| 504 ## - BIBLIOGRAPHY, ETC. NOTE | |
| Bibliography, etc | Includes bibliographical references. |
| 520 ## - SUMMARY, ETC. | |
| Summary, etc | "The increasing demand for high-speed transport of data has revitalized optical communications, leading to extensive work on high-speed device and circuit design. This book deals with the design of high-speed integrated circuits for optical communication transceivers.Building upon a detailed understanding of optical devices, the book describes the analysis and design of critical building blocks, such as transimpedance and limiting amplifiers, laser drivers, phase-locked loops, oscillators, clock and data recovery circuits, and multiplexers.This second edition of this best selling textbook has been updated to provide information on the latest developments in the field"-- |
| 520 ## - SUMMARY, ETC. | |
| Summary, etc | "This book deals with the design of high-speed integrated circuits for optical communication transceivers"-- |
| 590 ## - LOCAL NOTE (RLIN) | |
| Local note | Wessam |
| 650 #7 - SUBJECT ADDED ENTRY--TOPICAL TERM | |
| Topical term or geographic name as entry element | Optoelectronic devices. |
| Source of heading or term | BUEsh |
| 9 (RLIN) | 13259 |
| 650 #7 - SUBJECT ADDED ENTRY--TOPICAL TERM | |
| Topical term or geographic name as entry element | Optical communications |
| General subdivision | Equipment and supplies. |
| Source of heading or term | BUEsh |
| 9 (RLIN) | 41727 |
| 650 #7 - SUBJECT ADDED ENTRY--TOPICAL TERM | |
| Topical term or geographic name as entry element | Integrated optics. |
| Source of heading or term | BUEsh |
| 9 (RLIN) | 561 |
| 650 #7 - SUBJECT ADDED ENTRY--TOPICAL TERM | |
| Topical term or geographic name as entry element | Integrated circuits |
| General subdivision | Design and construction. |
| Source of heading or term | BUEsh |
| 9 (RLIN) | 32591 |
| 651 ## - SUBJECT ADDED ENTRY--GEOGRAPHIC NAME | |
| Source of heading or term | BUEsh |
| 653 ## - INDEX TERM--UNCONTROLLED | |
| Resource For college | Engineering, Electrical |
| Arrived date list | December2016 |
| 942 ## - ADDED ENTRY ELEMENTS (KOHA) | |
| Source of classification or shelving scheme | Dewey Decimal Classification |
| Edition | 22 |
| Call number prefix | 621.3827 RAZ |
| Withdrawn status | Item status | Source of classification or shelving scheme | Damaged status | Not for loan | Vendor | Home library | Current library | Shelving location | Date acquired | Source of acquisition | Cost, normal purchase price | Serial Enumeration / chronology | Total Checkouts | Full call number | Barcode | Date last seen | Cost, replacement price | Koha item type |
|---|---|---|---|---|---|---|---|---|---|---|---|---|---|---|---|---|---|---|
| Dewey Decimal Classification | Alahram | Central Library | Central Library | First floor | 19/12/2016 | Purchase | 198.00 | 118 | 621.3827 RAZ | 000045239 | 15/07/2025 | 247.50 | Book - Borrowing |